|
|
|
|
| LEADER |
00000nam0a2200000 4500 |
| 001 |
296931 |
| 005 |
20231102000945.0 |
| 020 |
|
|
|a RU
|b 84-58747
|
| 035 |
|
|
|a (RuTPU)RU\TPU\book\322051
|
| 090 |
|
|
|a 296931
|
| 100 |
|
|
|a 20150604d1984 m a0rusy5003 ca
|
| 101 |
0 |
|
|a rus
|
| 102 |
|
|
|a RU
|
| 105 |
|
|
|a a z 001zy
|
| 200 |
1 |
|
|a Оптоэлектронные модели однородных сред
|f Ф. Д. Дубинин
|
| 210 |
|
|
|a Москва
|c Радио и связь
|d 1984
|
| 215 |
|
|
|a 124 с.
|c ил.
|
| 320 |
|
|
|a Библиогр.: с. 118-123
|
| 606 |
1 |
|
|a Кибернетика
|x Применение в биологии
|2 stltpush
|3 (RuTPU)RU\TPU\subj\39462
|9 59541
|
| 610 |
1 |
|
|a нейрокибернетика
|
| 610 |
1 |
|
|a однородные среды
|
| 610 |
1 |
|
|a физические модели
|
| 610 |
1 |
|
|a оптоэлектронные методы
|
| 610 |
1 |
|
|a оптоэлектронные модели
|
| 610 |
1 |
|
|a использование
|
| 675 |
|
|
|a 681.5:57
|z rus
|v 4
|
| 700 |
|
1 |
|a Дубинин
|b Ф. Д.
|g Феликс Дмитриевич
|4 070
|
| 801 |
|
0 |
|a RU
|b RuMRKP
|c 19950704
|g psbo
|
| 801 |
|
1 |
|a RU
|b 63413507
|c 20150604
|
| 801 |
|
2 |
|a RU
|b 63413507
|c 20170726
|g RCR
|
| 942 |
|
|
|c BK
|